Winner- Conan Gray (Lyrics) - Statistics

General Stats
  • This quiz has been taken 27 times
  • The average score is 264 of 303
Answer Stats
Section Lyrics % Correct
a
100%
and
100%
are
100%
at
100%
At
100%
be
100%
But
100%
did
100%
do
100%
have
100%
I
100%
I'm
100%
my
100%
My
100%
on
100%
really
100%
The
100%
the
100%
truth
100%
When
100%
you
100%
Pre-Chorus You
100%
you?
100%
your
100%
bags
92%
been
92%
'Cause
92%
'cause
92%
days
92%
don't
92%
even
92%
Even
92%
ever
92%
for
92%
fourteen
92%
haven't
92%
hear
92%
in
92%
it
92%
It's
92%
it's
92%
leaving
92%
me
92%
no
92%
Now
92%
now
92%
one
92%
only
92%
Verse 1 Packed
92%
That
92%
that
92%
they
92%
to
92%
want
92%
who
92%
Who
92%
winner
92%
(Winner)
92%
you're
92%
Post-Chorus You're
92%
all
83%
back
83%
bad?
83%
feel
83%
fight
83%
finally
83%
get
83%
glad
83%
goin'
83%
hadn't
83%
heart
83%
home
83%
is
83%
Chorus Is
83%
kill
83%
knew
83%
let
83%
name
83%
obvious
83%
pans
83%
planned
83%
quite
83%
right
83%
roaches
83%
there's
83%
They're
83%
this
83%
was
83%
what
83%
Yeah
83%
you've
83%
anyone
75%
better
75%
Bleeding
75%
chaos
75%
done
75%
hand
75%
has
75%
How
75%
how
75%
inside
75%
lie
75%
makin'
75%
More
75%
nerve
75%
nothing
75%
of
75%
palm
75%
pots
75%
proven
75%
survive
75%
Take
75%
than
75%
them
75%
thing
75%
wanted
75%
worse
75%
Verse 2 Bask
67%
beating
67%
bow
67%
gotta
67%
guilty
67%
if
67%
Post-Chorus (La
67%
la
67%
la)
67%
look
67%
means
67%
miss
67%
once
67%
shudder
67%
tryin'
67%
victory
67%
Well
67%
off
58%
paid
58%
somehow
58%
Yet
58%
No matching quizzes found
Score Distribution
Percent of People with Each Score
Percentile by Number Answered
Your Score History
You have not taken this quiz